| 000 | 01371 a2200277 4500 | ||
|---|---|---|---|
| 003 | Nust | ||
| 005 | 20230221162207.0 | ||
| 010 | _a 98030222 | ||
| 020 | _a0070466424 (alk. paper) | ||
| 040 | _cNust | ||
| 082 | 0 | 0 | _a621.31924,MCP |
| 100 | 1 |
_aMcPartland, Joseph F. _941450 |
|
| 245 | 1 | 0 |
_aHandbook of practical electrical design / _cJoseph F. McPartland, Brian J. McPartland. |
| 246 | 3 | 0 | _aPractical electrial design |
| 250 | _a3rd ed. | ||
| 260 |
_aNew York : _bMcGraw-Hill, _cc1999. |
||
| 300 |
_avii, 723 p. : _bill. ; _c24 cm. |
||
| 440 | 0 |
_aMcGraw-Hill NEC series _9109380 |
|
| 505 | _aPlanning For Electrical Design (Page-1), Lighting And Appliance Branch Circuits (Page-15), Motor Branch Circuits And Control Circuits (Page-173), Feeders For Lighting And Power (Page-253), Motor Feeders (Page- 399), Transformer Applications (To 600 V) (Page-421), Services (Page-297), Equipment Selection And Layout (Page-591), Design Reference Data (Page-641). | ||
| 650 | 0 | _aTelecommunication Engineering. | |
| 700 | 1 |
_aMcPartland, Brian J. _9109381 |
|
| 856 | 4 | 2 |
_3Contributor biographical information _uhttp://www.loc.gov/catdir/enhancements/fy0705/98030222-b.html |
| 856 | 4 | 2 |
_3Publisher description _uhttp://www.loc.gov/catdir/description/mh023/98030222.html |
| 856 | 4 | 2 |
_3Table of contents _uhttp://www.loc.gov/catdir/toc/mh022/98030222.html |
| 942 |
_cREF _2ddc |
||
| 999 |
_c175601 _d175601 |
||